| 000 | 01195cam a2200301 i 4500 | ||
|---|---|---|---|
| 999 |
_c200454900 _d73112 |
||
| 003 | TR-AnTOB | ||
| 005 | 20231010113900.0 | ||
| 007 | ta | ||
| 008 | 231010s2016 tu o 100 0 tur d | ||
| 020 | _a9789757382881 | ||
| 040 |
_aTR-AnTOB _beng _erda _cTR-AnTOB |
||
| 041 | 0 | _atur | |
| 050 | 4 |
_aPL234 _b.T8753 2016 |
|
| 090 |
_aPL234 _b.T8753 2016 |
||
| 111 | 2 |
_aTürkçenin Uluslararası Şiir Şöleni _n(11.: _d2015: _cKazan-Tataristan) _9143944 |
|
| 245 | 1 | 0 |
_aTürk dünyası şiir güldestesi 10 : _bmetinler-bildiriler-seçmeler : _bTürkçenin 11. Uluslararası Şiir Şöleni, 1-4 Ekim 2015, Kazan Tataristan / _cyayımlayan Prof. Dr. Hicabi Kırlangıç. |
| 246 | 1 | 0 | _aTürkçe’nin uluslararası şiir şöleni. |
| 264 | 1 |
_aAnkara : _bTürkiye Yazarlar Birliği, _c2016. |
|
| 300 |
_a216 pages : _bphotographs ; _c23 cm |
||
| 336 |
_atext _btxt _2rdacontent |
||
| 337 |
_aunmediated _bn _2rdamedia |
||
| 338 |
_avolume _bnc _2rdacarrier |
||
| 490 | 0 |
_aTürkiye Yazarlar Birliği Yayınları ; _v63 _aGüldeste Dizisi ; _v10 |
|
| 650 | 7 |
_aTürk şiiri _vKongreler _2etuturkob _984273 |
|
| 700 | 1 |
_aKırlangıç, Hicabi _epublisher _9106425 |
|
| 942 |
_2lcc _cBK |
||